Rǧimen fiscal de los colegios profesionales

Detalles Bibliográficos
Autor principal: ℓlvarez Arroyo, Francisco
Formato: Desconocido
Lenguaje:español
Publicado: Madrid : EDERSA, 2007
Materias:
Acceso en línea:Acceso restringido

MARC

LEADER 00000ny a22000003n 4500
005 20110610145140.0
008 030203s2007 sp 001 0 spa c
020 |a 9788484940456 
035 |a 1666 
040 |a SpMaUCDE  |d vLex 
080 |a 061.231:336.2(460) 
090 |c 641  |d 641 
100 |a ℓlvarez Arroyo, Francisco 
245 1 0 |a Rǧimen fiscal de los colegios profesionales  |h [Recurso electrn̤ico]  |c Francisco aÌ‚Alvarez Arroyo 
256 |a Servicio en ln̕ea 
260 |a Madrid :  |b EDERSA,  |c 2007 
300 |a p. ;  |c cm. 
506 1 |a Contenido solo disponible en los productos indicados  |d vLex Global  |d vLex Global (Academic Edition, excluding Law Schools)  |d vLex Global (U.S. Academic Edition, Law Schools)  |d vLex Global (U.S. Academic Edition, excluding Law Schools)  |d vLex Global (Academic Edition, Law Schools) 
650 0 7 |a Tributario  |2 Tesauro vLex 
650 0 7 |a Derecho tributario  |2 Tesauro vLex 
650 0 7 |a Colegios profesionales  |2 Tesauro vLex 
740 0 |a vLex Libros (Servicios en ln̕ea) 
856 4 0 |u http://vlex.com/source/1666  |z Acceso restringido 
942 |c BOOK 
999 0 |a Taxation  |b Madrid